<?xml version="1.0" encoding="UTF-8"?>
<collection xmlns="http://www.loc.gov/MARC21/slim">
<record>
  <controlfield tag="001">125215</controlfield>
  <controlfield tag="005">20230323124736.0</controlfield>
  <datafield tag="020" ind1=" " ind2=" ">
    <subfield code="a">978-84-18321-65-8 </subfield>
  </datafield>
  <datafield tag="024" ind1="7" ind2=" ">
    <subfield code="2">doi</subfield>
    <subfield code="a">10.26754/uz.978-84-18321-65-8</subfield>
  </datafield>
  <datafield tag="037" ind1=" " ind2=" ">
    <subfield code="a">BOOK-2023-006</subfield>
  </datafield>
  <datafield tag="041" ind1=" " ind2=" ">
    <subfield code="a">spa</subfield>
  </datafield>
  <datafield tag="100" ind1=" " ind2=" ">
    <subfield code="a">Martínez Calvo, Javier (dir.)</subfield>
    <subfield code="b"></subfield>
  </datafield>
  <datafield tag="245" ind1=" " ind2=" ">
    <subfield code="a">La protección jurídica del menor en el derecho comparado</subfield>
  </datafield>
  <datafield tag="250" ind1=" " ind2=" ">
    <subfield code="a">1ª ed.</subfield>
  </datafield>
  <datafield tag="260" ind1=" " ind2=" ">
    <subfield code="a">Zaragoza</subfield>
    <subfield code="b">Prensas de la Universidad de Zaragoza</subfield>
    <subfield code="c">2023</subfield>
  </datafield>
  <datafield tag="300" ind1=" " ind2=" ">
    <subfield code="a">598</subfield>
  </datafield>
  <datafield tag="520" ind1=" " ind2=" ">
    <subfield code="a">La adecuada protección de los menores constituye hoy uno de los principales desafíos a los que debe hacer frente la sociedad, y, por ende, también el Derecho; lo que desde luego justifica la oportunidad de esta obra, cuyo objeto es precisamente analizar la protección jurídica del menor en el ámbito nacional y comparado. Y es que, se ha apostado por darle una visión internacional, contando con la participación de autores procedentes de diferentes países. En concreto, el libro recoge varias de las ponencias expuestas en el Congreso Internacional “La protección jurídica del menor en el siglo XXI”, que se enmarca en las actividades del Proyecto de Investigación de la Universidad de Zaragoza "Retos del Derecho civil en materia de protección de menores, con especial referencia a la era digital", del Proyecto del Ministerio de Ciencia e Innovación "Vulnerabilidad patrimonial y personal: retos jurídicos" y del Grupo de Investigación Ius Familiae, financiado por el Gobierno de Aragón.</subfield>
  </datafield>
  <datafield tag="856" ind1="0" ind2=" ">
    <subfield code="f">agroca@unizar.es</subfield>
  </datafield>
  <datafield tag="856" ind1="4" ind2=" ">
    <subfield code="u">http://zaguan.unizar.es/record/125215/files/BOOK-2023-006.pdf</subfield>
    <subfield code="z">Texto completo</subfield>
    <subfield code="s">6546598</subfield>
  </datafield>
  <datafield tag="909" ind1="C" ind2="O">
    <subfield code="o">oai:zaguan.unizar.es:125215</subfield>
    <subfield code="p">books</subfield>
  </datafield>
  <datafield tag="980" ind1=" " ind2=" ">
    <subfield code="a">BOOK</subfield>
    <subfield code="b">PRENSASUZ</subfield>
    <subfield code="b"></subfield>
  </datafield>
</record>
</collection>